00290nam a2200109Ia 4500100002800000654001500028245006900043260002900112082001900141300000800160546001200168 aMillman/J/ Halkias/C.C  aintegrated aIntegrated electronics : Analog and digital circuits and system bMcGraw HillaTokyoc1971 a621.38179bMIL a378 aENGLISH